Health financing revisited : (Record no. 15027)

000 -LEADER
fixed length control field 00559cam a22002054a 4500
020 ## - INTERNATIONAL STANDARD BOOK NUMBER
ISBN 0821365851
020 ## - INTERNATIONAL STANDARD BOOK NUMBER
ISBN 9780821365854
040 ## - CATALOGING SOURCE
Transcribing agency DLC
082 00 - DEWEY DECIMAL CLASSIFICATION NUMBER
Classification number 362 WOR 2006 A073 Or.
100 1# - MAIN ENTRY--AUTHOR NAME
Personal name Gottret, Pablo E.
245 10 - TITLE STATEMENT
Title Health financing revisited :
Remainder of title a practitioner's guide /
260 ## - PUBLICATION, DISTRIBUTION, ETC. (IMPRINT)
Place of publication Washington, DC :
Name of publisher World Bank,
Year of publication c2006.
300 ## - PHYSICAL DESCRIPTION
Number of Pages xvii, 318 p. :
Other physical details ill. ;
Dimensions 23 cm.
650 #0 - SUBJECT ADDED ENTRY--TOPICAL TERM
Topical Term Medical care
650 #0 - SUBJECT ADDED ENTRY--TOPICAL TERM
Topical Term Medical care, Cost of.
650 #0 - SUBJECT ADDED ENTRY--TOPICAL TERM
Topical Term Medical policy.
650 #0 - SUBJECT ADDED ENTRY--TOPICAL TERM
Topical Term World health.
700 1# - ADDED ENTRY--PERSONAL NAME
Personal name Schieber, George.
942 ## - ADDED ENTRY ELEMENTS (KOHA)
Koha item type សៀវភៅភាសាអង់គ្លេស
952 ## - LOCATION AND ITEM INFORMATION (KOHA)
Withdrawn status [LOCAL, KOHA] 0
Holdings
Permanent Location Date acquired Koha item type Lost status Shelving location Barcode Current Location Full call number
Library Block A2017-11-02សៀវភៅភាសាអង់គ្លេស A073A07912Library Block A362 WOR 2006 A073 Or.
មជ្ឈមណ្ឌលឯការនៃសាកលវិទ្យាល័យភូមិន្ទកសិកម្មចំការដូង

Powered by Koha